Research into mould and the implications for chartered surveyors (Record no. 104115)
[ view plain ]
| 000 -LEADER | |
|---|---|
| fixed length control field | 01909cam a2200361 4500 |
| 001 - CONTROL NUMBER | |
| control field | L129162 |
| 008 - FIXED-LENGTH DATA ELEMENTS--GENERAL INFORMATION | |
| fixed length control field | 050324n2005 000 0 eng u |
| 035 ## - SYSTEM CONTROL NUMBER | |
| System control number | (Sirsi) u129162 |
| 041 0# - LANGUAGE CODE | |
| Language code of text/sound track or separate title | eng |
| 050 04 - LIBRARY OF CONGRESS CALL NUMBER | |
| Classification number | 693.893 $2 18 |
| 100 1# - MAIN ENTRY--PERSONAL NAME | |
| Personal name | Reyers, John |
| 245 00 - TITLE STATEMENT | |
| Title | Research into mould and the implications for chartered surveyors |
| 260 ## - PUBLICATION, DISTRIBUTION, ETC. | |
| Place of publication, distribution, etc. | London |
| Name of publisher, distributor, etc. | RICS |
| Date of publication, distribution, etc. | 2005 |
| 300 ## - PHYSICAL DESCRIPTION | |
| Extent | 23p. |
| Dimensions | 30cm. |
| 520 ## - SUMMARY, ETC. | |
| Summary, etc. | Presents the findings of RICS commissioned research into the levels of mould in homes, hospitals, schools, offices and other dwellings across England. Research was instigated as a result of concerns about the possible legal and insurance effects on chartered surveyors who regularly investigate mould in people's homes. Discusses the implications of the findings for surveyors and specifically calls for clear guidance to be developed for reporting mould in homes. Findings are presented in the form of diagrams, tables and graphs. Appendices include the questionnaire, sampling instructions for surveyors and a custody form. |
| 650 24 - SUBJECT ADDED ENTRY--TOPICAL TERM | |
| Topical term or geographic name entry element | STACHYBOTRYS CHARTARUM |
| 650 24 - SUBJECT ADDED ENTRY--TOPICAL TERM | |
| Topical term or geographic name entry element | ASPERGILLUS FUMIGATUS |
| 651 #4 - SUBJECT ADDED ENTRY--GEOGRAPHIC NAME | |
| Geographic name | England |
| Chronological subdivision | 886- |
| 690 ## - LOCAL SUBJECT ADDED ENTRY--TOPICAL TERM (OCLC, RLIN) | |
| Topical term or geographic name as entry element | BUILT ENVIRONMENT-BUILDING PATHOLOGY-FUNGAL INFESTATION |
| 700 1# - ADDED ENTRY--PERSONAL NAME | |
| Personal name | Richardson, Malcolm |
| 700 1# - ADDED ENTRY--PERSONAL NAME | |
| Personal name | Newton, Chris |
| 700 1# - ADDED ENTRY--PERSONAL NAME | |
| Personal name | Stott, Richard |
| 700 1# - ADDED ENTRY--PERSONAL NAME | |
| Personal name | Rispin, Chris |
| 710 2# - ADDED ENTRY--CORPORATE NAME | |
| Corporate name or jurisdiction name as entry element | Royal Institution of Chartered Surveyors |
| Subordinate unit | Building Surveying Faculty |
| 9 (RLIN) | 4830 |
| 710 2# - ADDED ENTRY--CORPORATE NAME | |
| Corporate name or jurisdiction name as entry element | Royal Institution of Chartered Surveyors |
| Subordinate unit | Construction Faculty |
| 9 (RLIN) | 4214 |
| 710 2# - ADDED ENTRY--CORPORATE NAME | |
| Corporate name or jurisdiction name as entry element | Royal Institution of Chartered Surveyors |
| Subordinate unit | Facilities Management Faculty |
| 9 (RLIN) | 4295 |
| 710 2# - ADDED ENTRY--CORPORATE NAME | |
| Corporate name or jurisdiction name as entry element | Royal Institution of Chartered Surveyors |
| Subordinate unit | Residential Property Faculty |
| 9 (RLIN) | 4304 |
| 710 2# - ADDED ENTRY--CORPORATE NAME | |
| Corporate name or jurisdiction name as entry element | Fugenex Health Office |
| 9 (RLIN) | 5097 |
| 710 2# - ADDED ENTRY--CORPORATE NAME | |
| Corporate name or jurisdiction name as entry element | Sanderson Weatherall |
| 9 (RLIN) | 5098 |
| 710 2# - ADDED ENTRY--CORPORATE NAME | |
| Corporate name or jurisdiction name as entry element | Allied Surveyors |
| 9 (RLIN) | 5099 |
| 710 2# - ADDED ENTRY--CORPORATE NAME | |
| Corporate name or jurisdiction name as entry element | EcoLab Specialist Surveying Services Peter Cox |
| 9 (RLIN) | 5100 |
| 942 ## - ADDED ENTRY ELEMENTS (KOHA) | |
| Suppress in OPAC | 0 |
| Withdrawn status | Lost status | Source of classification or shelving scheme | Damaged status | Not for loan | Home library | Current library | Shelving location | Date acquired | Total Checkouts | Full call number | Barcode | Date last seen | Copy number | Price effective from | Koha item type | Date last checked out |
|---|---|---|---|---|---|---|---|---|---|---|---|---|---|---|---|---|
| Dewey Decimal Classification | London | London | RICS Boxes | 01/04/2005 | RICS 2005/3 | 30070134 | 06/08/2019 | 1 | 06/08/2019 | Reference material | ||||||
| Dewey Decimal Classification | London | London | RICS Boxes | 01/04/2005 | RICS 2005/3 | 30070130 | 06/08/2019 | 2 | 06/08/2019 | Reference material | ||||||
| Dewey Decimal Classification | London | London | RICS Boxes | 01/04/2005 | 1 | RICS 2005/3 | 30070139 | 06/08/2019 | 4 | 06/08/2019 | Book | 03/02/2006 | ||||
| Dewey Decimal Classification | Virtual | Virtual | Online | 13/05/2005 | ONLINE PUBLICATION | 129162-3001 | 06/08/2019 | 1 | 06/08/2019 | Book |